[Event "TUR-chT2"]
[Site "Konya"]
[Date "2018.07.12"]
[Round "5.16"]
[White "Bicici, Muhammet Emin"]
[Black "Calisir, Bahadir"]
[Result "0-1"]
[WhiteElo "1324"]
[BlackElo "1573"]
[PlyCount "49"]
[EventDate "2018.07.10"]
[EventType "team-swiss"]
[EventRounds "9"]
[EventCountry "TUR"]
[SourceTitle "EXT 2019"]
[Source "ChessBase"]
[SourceDate "2018.10.10"]
[SourceVersion "1"]
[SourceVersionDate "2018.10.10"]
[SourceQuality "1"]
[WhiteTeam "Corum Merkez Yatili"]
[BlackTeam "Yalova Beyaz Fil"]
[WhiteTeamCountry "TUR"]
[BlackTeamCountry "TUR"]

1. e4 c6 2. d4 d5 3. e5 Bf5 4. Bd3 Bg6 5. f4 e6 6. Nf3 Nd7 7. Be3 Qb6 8. b3 c5 9. 0-0 cxd4 10. Bxd4 Bc5 11. Bxg6 hxg6 12. c3 Ne7 13. b4 Bxd4+ 14. Qxd4 Nf5 15. Qxb6 Nxb6 16. Nbd2 Ne3 17. Rf2 Rc8 18. Rc1 Na4 19. Nb1 Ke7 20. Re2 Nc4 21. Kh1 Rc7 22. Rcc2 Rhc8 23. Kg1 Ncb6 24. Re3 Rc4 25. Nd4 0-1